02321nam a2200289 i 4500003000900000005001700009007000300026008004100029040003000070041000800100082003100108110005300139245047400192264007900666300007700745336002700822337003400849338002800883505074900911650005701660650005701717700005801774700005301832700004801885700005401933700004401987DO-SdBNP20251001085958.0ta250910b2021 dr abc|| |||| 00| 0 spa d aDO-SdBNPbspacBNPHUerda aspa 4a324.697293bR426r 20202222 aRepública Dominicana.bJunta Central Electoral10aResultados electorales 2020 :belecciones extraordinarias generales municipales del 15 de marzo del 2020. elecciones extraordinaria generales presidenciales, senatoriales y de diputaciones del 5 de julio del 2020 /cpresentación, Román Andrés Jáquez Liranzo ; edición y coordinación, Mario E. Núñez Valdez ; diseño, maquetación y arte final, Dioni H. Peña De León ; diseño portada, Gabriel Peña Pérez ; revisión, Jorge Luis Capellán.  4aSanto Domingo, República Dominicana :bJunta Central Electoral,c©2021. a583 páginas :bilustraciones, fotografías, graficas, mapas ;c35 cm. atextobtxt2rdacontent asin mediación bn2rdamedia avolumenbnc2rdacarrier aResultados electorales 2020, iii -- Visión, v -- Misión, v -- Presentación, ii -- Boletín de los niveles presidencial, senatorial, de diputaciones, en el exterior y municipales,1 -- Mapas de los niveles municipal y congresional, 13 -- Estadísticas del proceso electoral, 17 -- Detalles del nivel municipal con alianzas y sin alianzas de partidos políticos, 27 -- Detalle del nivel presidencial con alianzas y sin alianzas de partidos políticos, 89 -- Detalle del nivel senatorial con alianzas y sin alianzas y partidos políticos, 117 -- Detalle del nivel de diputaciones con alianzas y sin alianzas y partidos políticos, 141 -- Detalle de diputadas en el exterior, 169 -- Resultados del nivel municipal por demarcaciones, 177  1aResultados de eleccionesy2020zRepública Dominica 1aPresidentesxElección y2020zRepública Dominica1 aJáquez Liranzo, Ramón Andrésepresentador 4pr.1 aNúñez Valdez, Mario E.ecoordinador4coord. 1 aPeña De León, Dioni H. ediseño4dis.1 aPeña Pérez, Gabriel,ediseño portada,4dis.1 aJorge Luis Capellán,e revisado4rev.